Normal view MARC view

Entry Geographic Name

Number of records used in: 1

001 - CONTROL NUMBER

  • control field: 124528

003 - CONTROL NUMBER IDENTIFIER

  • control field: OSt

005 - DATE AND TIME OF LATEST TRANSACTION

  • control field: 20230622102944.0

008 - FIXED-LENGTH DATA ELEMENTS

  • fixed length control field: 230622|| aca||aabn | a|a d

040 ## - CATALOGING SOURCE

  • Original cataloging agency: OSt
  • Transcribing agency: OSt

151 ## - HEADING--GEOGRAPHIC NAME

  • Geographic name: Caste Mobility

670 ## - SOURCE DATA FOUND

  • Source citation: Work cat.: (OSt)212711: M N Srinivas 124526, Social change in modern India, 1977